Language Quiz

Random Language or Spanish Quiz

La familia Quiz Stats

Quiz not verified by Sporcle

Also try: 10 'Dis' Words
Challenge
Share
Tweet
Embed
Score 0/23 Timer 08:00
0 Plays Today
English word Spanish translation % Correct
Grandfather/Grandmotherabuelo
100%
Uncle/AuntTio
93.1%
CousinPrimo
86.2%
Brother/SisterHermano
86.2%
Son/DaughterHijo
82.8%
Husband/WifeEsposo
82.8%
Father/MotherPadre
69.2%
FriendAmigo
65.5%
Great-Grandmother/Great-GrandfatherBisabuelo
62.1%
TwinGemelo
62.1%
Grandson/GranddaughterNieto
58.6%
Stepbrother/StepsisterHermanastro
55.2%
English word Spanish translation % Correct
Half-brother/Half-sister Medio hermano
48.3%
Nephew/NieceSobrino
44.8%
Stepson/StepdaughterHijastro
44.8%
RelativesParientes
41.4%
Boyfriend/GirlfriendNovio
41.4%
StepmotherMadastra
37.9%
Son-in-lawYerno
34.5%
StepfatherPadrasto
31%
Father-in-law/Mother-in-lawSuegro
27.6%
Brother-in-law/Sister-in-lawCuñado
24.1%
Daugter-in-lawNuera
13.8%

You're not logged in!

Compare scores with friends on all Sporcle quizzes.
Sign Up with Email
OR
Log In

You Might Also Like...

Show Comments

Extras

Top Quizzes Today


Score Distribution

Your Account Isn't Verified!

In order to create a playlist on Sporcle, you need to verify the email address you used during registration. Go to your Sporcle Settings to finish the process.